Angioneurotický periodický edém mihalníc u detí

Bibliographic Details
Main Author: Pajtáš, Jozef, 1900-1960 (Author)
Format: Article
Language:Slovak

MARC

LEADER 00000nab a2200000ua 4500
001 vtls010774802
003 SK-MaSNL
005 20260303123407.0
008 230214s1949 xo |||||||||||||||||slo|
035 |a (urnnbn)urn:nbn:sk:snk:ar-a03kky 
035 |a (uuid)307c5b22-b3e4-4b20-b183-b82bc5cd5d06 
035 |a urn:nbn:sk:snk-ab5c04 
040 |a SNKBUCL  |b slo  |c SNKBUCL  |e AACR2 
041 0 |a slo 
044 |a xo  |c SK 
100 1 |a Pajtáš, Jozef,  |d 1900-1960  |4 aut  |9 167897 
245 1 0 |a Angioneurotický periodický edém mihalníc u detí  |c Jozef Pajtáš 
773 0 |t Bratislavské lekárske listy  |g Roč. 29, č. 1 (1949), s. 12-25 
954 |a odborná, vedecká literatúra pôvodná (slovenská)  |2 lita 
958 |a OND 
958 |a EUIPO 
958 |a article3 
999 |c 1925652  |d 1927582